| 000 | 00732cam a2200193 4500 | ||
|---|---|---|---|
| 001 | WS106668 | ||
| 008 | 000000n 000 0 eng u | ||
| 035 | _a(Sirsi) u106668 | ||
| 110 |
_aAssociation for Environment Conscious Building _9735 |
||
| 245 | _aAssociation for Environment Conscious Building | ||
| 520 | _aWeb site for this organisation which aims to encourage greater environmental awareness in the UK construction industry. | ||
| 650 | _aSUSTAINABLE BUILDING | ||
| 650 | _aENVIRONMENTAL AWARENESS | ||
| 650 |
_aEnvironment _96238 |
||
| 650 | _aORGANISATION | ||
| 690 | _aBUILT ENVIRONMENT-SUSTAINABLE CONSTRUCTION | ||
| 856 | 4 | 0 |
_uhttps://www.aecb.net _zView the website free of charge at www.aecb.net... |
| 942 | _n0 | ||
| 999 |
_c119503 _d119503 |
||